Marketing : (Record no. 110162)
[ view plain ]
| 000 -LEADER | |
|---|---|
| campo de control de longitud fija | 01439nam a2200193 4500 |
| 001 - NÚMERO DE CONTROL | |
| campo de control | 205 |
| 005 - FECHA Y HORA DE LA ÚLTIMA TRANSACCIÓN | |
| campo de control | 20230411085951.0 |
| 008 - DATOS DE LONGITUD FIJA--INFORMACIÓN GENERAL | |
| campo de control de longitud fija | 060907n2000 dr spa |
| 020 ## - NÚMERO INTERNACIONAL ESTÁNDAR DEL LIBRO | |
| Número Internacional Estándar del Libro | 0395974836 |
| 035 ## - NÚMERO DE CONTROL DEL SISTEMA | |
| -- | funglode206 |
| 041 ## - CÓDIGO DE IDIOMA | |
| Código de lengua del texto/banda sonora o título independiente | En |
| 100 ## - ENTRADA PRINCIPAL--NOMBRE DE PERSONA | |
| Nombre de persona | Pride, William M |
| 245 1# - MENCIÓN DEL TÍTULO | |
| Título | Marketing : |
| Resto del título | Concepts and strategies / |
| Mención de responsabilidad, etc. | William M. Pride, O. C. Ferrel |
| 260 ## - PUBLICACIÓN, DISTRIBUCIÓN, ETC. | |
| Lugar de publicación, distribución, etc. | Boston : |
| Nombre del editor, distribuidor, etc. | Hougton Mifflin Company , |
| Fecha de publicación, distribución, etc. | 2000 |
| 300 ## - DESCRIPCIÓN FÍSICA | |
| Extensión | xxx, 625, [98] p. |
| 520 ## - RESUMEN, ETC. | |
| Sumario, etc. | An overview of strategic marketing, 2. -- Strategic planning, 25. -- The marketing environment, 53. -- Social responsibility and ethics in marketing, 79. -- Global markets and international marketing, 107. -- Marketing research and information systems, 136. -- Target markets : Segmentation and evaluation, 163. -- Consumer buying behavior, 193. -- Organizational markets and buying behavior, 221. -- Product concepts, 248. -- Developing and managing products, 269. -- Branding and packaging, 293. -- Services, 319. -- Marketing channels and supply chain management, 348. -- Wholesaling and physical distribution, 373. -- Retailing, 401. -- Integrated marketing communications, 430. -- Advertising and public relations, 455. -- Personal selling and sales promotion, 483. -- Pricing concepts, 514. -- Setting prices, 535. -- Marketing implementation and control, 564. -- Marketing on the internet, 595. -- E-Marketing, 625 |
| 700 ## - ENTRADA AGREGADA--NOMBRE PERSONAL | |
| Nombre de persona | Ferrel, O. C |
| 942 ## - ELEMENTOS DE ENTRADA SECUNDARIOS (KOHA) | |
| Fuente del sistema de clasificación o colocación | Clasificación de Library of Congress |
| Tipo de ítem Koha | |
| Estatus retirado | Estado de pérdida | Fuente del sistema de clasificación o colocación | Estado de daño | No para préstamo | Colección | Biblioteca de origen | Biblioteca actual | Ubicación en estantería | Fecha de adquisición | Código de barras | Visto por última vez | Copia número | Tipo de ítem Koha |
|---|---|---|---|---|---|---|---|---|---|---|---|---|---|
| Clasificación de Library of Congress | Automatización y Procesos Técnicos | Biblioteca Juan Bosch | Biblioteca Juan Bosch | Automatización y Procesos Técnicos (1er. Piso) | 17/02/2019 | 00020010206 | 17/02/2019 | 1 |
